00245 a2200121 4500001000700000020001800007040001100025100001600036240003000052245002500082300000700107362000900114187970 a0-582-40210-7 cMagnum aKerr, J Y K10aRing of bright waterlING10aRing of bright water a410 a1998